000 00505nam a2200181Ia 4500
005 20250326130717.0
008 250326s9999 xx 000 0 und d
037 _aTextbook
040 _aFMSL
_beng
_cFMSL
041 _aeng
_2eng
084 _aXXL23 L4.5
_qFMSL
100 _aPike E.r. Au.
_9741151
245 0 _aHuman Doucuments of Adam Smith's time vol.5
_cPike E.r. Au.
260 _aNY
_bNY, Routledge
_c1974
490 _v5
942 _cTB
_hXXL23 L4.5
999 _c1283759
_d1283759